[Event "VENDRELL"]
[Site "?"]
[Date "2021.05.09"]
[Round "1.1"]
[White "Areales Morante, Miguel"]
[Black "Munoz, Miguel"]
[Result "0-1"]
[BlackElo "2542"]
[WhiteElo "1586"]
[LiveChessVersion "1.4.8"]

1. e4 {[%clk 0:15:06]} d5 {[%clk 0:14:39]} 2. exd5 {[%clk 0:15:01]} Qxd5
{[%clk 0:14:42]} 3. Nc3 {[%clk 0:15:03]} Qa5 {[%clk 0:14:45]} 4. Nf3
{[%clk 0:15:00]} Nc6 5. a3 {[%clk 0:14:48]} Bg4 {[%clk 0:14:48]} 6. Be2
{[%clk 0:14:45]} O-O-O {[%clk 0:14:50]} 7. O-O e5 {[%clk 0:14:54]} 8. b4
{[%clk 0:14:09]} Bxb4 {[%clk 0:14:31]} 9. Bb2 Be7 10. h3 {[%clk 0:13:15]} Bxf3
{[%clk 0:14:24]} 11. Bxf3 {[%clk 0:13:17]} Nd4 {[%clk 0:14:15]} 12. Rb1 c6 13.
Ne2 {[%clk 0:12:08]} Nxf3+ {[%clk 0:14:18]} 14. gxf3 {[%clk 0:12:12]} Qxd2 15.
Qxd2 {[%clk 0:11:43]} Rxd2 {[%clk 0:14:19]} 16. Ng3 f6 {[%clk 0:14:23]} 17. Ne4
{[%clk 0:11:20]} Rxc2 {[%clk 0:14:25]} 18. Rfd1 {[%clk 0:11:16]} Nh6 19. Rd2
{[%clk 0:10:25]} Rxd2 {[%clk 0:14:26]} 20. Nxd2 {[%clk 0:10:29]} Rd8
{[%clk 0:14:31]} 21. Nc4 {[%clk 0:10:29]} Nf5 {[%clk 0:14:30]} 22. a4
{[%clk 0:10:24]} Rd3 {[%clk 0:14:10]} 23. Bc1 {[%clk 0:09:32]} Rxf3
{[%clk 0:14:12]} 24. Ne3 Bc5 25. a5 {[%clk 0:08:38]} Nxe3 {[%clk 0:14:11]} 26.
fxe3 {[%clk 0:08:33]} Bxe3+ {[%clk 0:14:13]} 27. Kg2 Rf2+ {[%clk 0:14:15]} 28.
Kg3 {[%clk 0:08:32]} Rf1 {[%clk 0:14:17]} 0-1

[Event "VENDRELL"]
[Site "?"]
[Date "2021.05.09"]
[Round "1.2"]
[White "Hernandez, Cristian Andres"]
[Black "Vidal Bermejo, Joan Angel"]
[Result "1-0"]
[BlackElo "1585"]
[WhiteElo "2353"]
[LiveChessVersion "1.4.8"]

1. d4 {[%clk 0:15:07]} d5 {[%clk 0:15:08]} 2. Nf3 {[%clk 0:15:10]} Nf6
{[%clk 0:15:11]} 3. c4 {[%clk 0:15:14]} g6 {[%clk 0:15:13]} 4. Nc3
{[%clk 0:15:16]} Bg7 {[%clk 0:15:17]} 5. cxd5 {[%clk 0:15:19]} Nxd5
{[%clk 0:15:20]} 6. e4 {[%clk 0:15:23]} Nxc3 {[%clk 0:15:24]} 7. bxc3
{[%clk 0:15:26]} O-O {[%clk 0:15:13]} 8. Be3 Nd7 {[%clk 0:15:14]} 9. h4
{[%clk 0:15:30]} h5 {[%clk 0:14:51]} 10. Qd2 {[%clk 0:15:05]} a5 {[%clk 0:14:27]}
11. Bd3 {[%clk 0:15:05]} b6 {[%clk 0:14:07]} 12. Ng5 {[%clk 0:14:47]} c5 13. e5
{[%clk 0:14:50]} cxd4 {[%clk 0:13:24]} 14. cxd4 {[%clk 0:14:02]} Nb8
{[%clk 0:13:06]} 15. Rc1 {[%clk 0:12:41]} Na6 16. Be4 {[%clk 0:12:42]} Ra7
{[%clk 0:12:10]} 17. Qe2 {[%clk 0:12:24]} Nb4 18. a3 {[%clk 0:12:26]} Nd5
{[%clk 0:11:44]} 19. Rxc8 {[%clk 0:12:28]} Qxc8 {[%clk 0:11:29]} 20. Bxd5
{[%clk 0:11:45]} Qc3+ {[%clk 0:10:54]} 21. Qd2 {[%clk 0:11:44]} Qxa3
{[%clk 0:09:33]} 22. O-O {[%clk 0:11:30]} Rd7 23. Bxf7+ Kh8 {[%clk 0:08:42]} 24.
Bxg6 {[%clk 0:11:26]} Bxe5 {[%clk 0:08:41]} 25. Qe2 {[%clk 0:11:31]} Bf6
{[%clk 0:07:59]} 26. Qxh5+ 1-0

[Event "VENDRELL"]
[Site "?"]
[Date "2021.05.09"]
[Round "1.3"]
[White "Arca Canalejo, Jordi"]
[Black "Rojas Keim, Luis"]
[Result "0-1"]
[BlackElo "2349"]
[WhiteElo "1584"]
[LiveChessVersion "1.4.8"]

1. e4 {[%clk 0:15:07]} g6 {[%clk 0:15:05]} 2. d4 {[%clk 0:15:11]} Bg7
{[%clk 0:15:09]} 3. Be3 {[%clk 0:15:10]} c5 {[%clk 0:15:10]} 4. c3
{[%clk 0:15:11]} Nf6 5. Bd3 {[%clk 0:14:39]} cxd4 {[%clk 0:15:00]} 6. cxd4
{[%clk 0:14:43]} d6 {[%clk 0:15:03]} 7. h3 {[%clk 0:14:15]} O-O {[%clk 0:15:02]}
8. Nf3 {[%clk 0:14:16]} Nc6 {[%clk 0:15:05]} 9. O-O {[%clk 0:14:14]} Nb4
{[%clk 0:15:06]} 10. Nc3 {[%clk 0:13:54]} Nxd3 {[%clk 0:15:08]} 11. Qxd3
{[%clk 0:13:58]} b6 12. Bg5 {[%clk 0:07:45]} Bb7 {[%clk 0:14:23]} 13. a4
{[%clk 0:07:42]} h6 {[%clk 0:14:15]} 14. Bxf6 {[%clk 0:07:44]} Bxf6
{[%clk 0:14:17]} 15. a5 Bg7 {[%clk 0:13:57]} 16. a6 {[%clk 0:07:07]} Bc8
{[%clk 0:13:17]} 17. Rfc1 {[%clk 0:06:28]} Bd7 {[%clk 0:12:58]} 18. Nb5
{[%clk 0:04:38]} f5 19. e5 {[%clk 0:03:26]} Kh7 {[%clk 0:12:53]} 20. exd6
{[%clk 0:02:58]} Bxb5 {[%clk 0:12:35]} 21. Qxb5 {[%clk 0:03:02]} Qxd6
{[%clk 0:12:15]} 22. Rc6 {[%clk 0:02:18]} Qd8 23. Re1 {[%clk 0:01:49]} Rf6
{[%clk 0:11:57]} 24. Ree6 {[%clk 0:01:31]} Rxe6 {[%clk 0:11:39]} 25. Rxe6
{[%clk 0:01:35]} Rc8 {[%clk 0:11:37]} 26. Ne5 {[%clk 0:01:06]} Rc1+
{[%clk 0:11:33]} 27. Kh2 {[%clk 0:01:10]} Qxd4 {[%clk 0:11:21]} 28. Rxe7
{[%clk 0:00:45]} Qf4+ {[%clk 0:11:18]} 0-1

[Event "VENDRELL"]
[Site "?"]
[Date "2021.05.09"]
[Round "1.4"]
[White "Basora Pascual, Lluc"]
[Black "Girona Masdeu, Joan"]
[Result "1-0"]
[BlackElo "1581"]
[WhiteElo "2162"]
[LiveChessVersion "1.4.8"]

1. e4 {[%clk 0:15:07]} c5 {[%clk 0:15:05]} 2. Nf3 {[%clk 0:14:54]} e6
{[%clk 0:15:08]} 3. c4 {[%clk 0:14:49]} Qc7 {[%clk 0:14:47]} 4. Nc3
{[%clk 0:14:51]} a6 {[%clk 0:14:45]} 5. Be2 {[%clk 0:14:27]} Nc6 {[%clk 0:14:33]}
6. O-O {[%clk 0:14:01]} Nf6 {[%clk 0:14:30]} 7. d4 cxd4 {[%clk 0:14:21]} 8. Nxd4
{[%clk 0:14:05]} Be7 9. Be3 {[%clk 0:13:35]} O-O {[%clk 0:13:49]} 10. Rc1
{[%clk 0:11:37]} b6 11. Nd5 {[%clk 0:11:41]} exd5 {[%clk 0:10:59]} 12. cxd5
{[%clk 0:09:07]} Bb7 {[%clk 0:08:15]} 13. Nf5 {[%clk 0:08:27]} Bc5 14. dxc6
{[%clk 0:07:37]} Bxc6 {[%clk 0:07:07]} 15. Bxc5 bxc5 16. Ne7+ {[%clk 0:05:41]}
Kh8 {[%clk 0:07:04]} 17. Nxc6 dxc6 {[%clk 0:05:12]} 18. Qa4 {[%clk 0:05:08]} Rab8
{[%clk 0:04:19]} 19. Rxc5 {[%clk 0:03:59]} Rxb2 20. Rxc6 Qe5 {[%clk 0:03:31]} 21.
Bf3 {[%clk 0:02:50]} h6 {[%clk 0:03:24]} 22. Rxa6 Rfb8 {[%clk 0:02:20]} 23. Ra5
{[%clk 0:02:03]} Qc3 {[%clk 0:01:35]} 24. Ra8 {[%clk 0:01:48]} h5
{[%clk 0:01:06]} 25. Rxb8+ {[%clk 0:01:44]} Rxb8 26. h3 {[%clk 0:01:25]} Rb4
{[%clk 0:00:55]} 27. Qa7 {[%clk 0:01:22]} Qc4 {[%clk 0:00:40]} 28. e5
{[%clk 0:01:18]} Ng8 {[%clk 0:00:26]} 29. Qa8 {[%clk 0:01:15]} Qc7
{[%clk 0:00:18]} 30. Bd5 {[%clk 0:01:12]} Rb8 {[%clk 0:00:20]} 31. Qc6
{[%clk 0:01:15]} Qe7 {[%clk 0:00:21]} 32. Qd6 {[%clk 0:01:13]} Qe8
{[%clk 0:00:09]} 33. Bxf7 {[%clk 0:01:13]} Qc8 {[%clk 0:00:06]} 34. Be6
{[%clk 0:01:15]} Qe8 {[%clk 0:00:07]} 35. Bxg8 {[%clk 0:01:16]} Qxg8
{[%clk 0:00:09]} 36. e6 {[%clk 0:01:18]} Rd8 {[%clk 0:00:13]} 37. Qe5
{[%clk 0:01:20]} Re8 {[%clk 0:00:15]} 38. Qxh5+ {[%clk 0:01:23]} Qh7
{[%clk 0:00:18]} 39. Qxe8+ {[%clk 0:01:27]} 1-0

[Event "VENDRELL"]
[Site "?"]
[Date "2021.05.09"]
[Round "1.5"]
[White "Marti Palomero, Sergi"]
[Black "Martorell Aubanell, Adria"]
[Result "0-1"]
[BlackElo "2119"]
[WhiteElo "1565"]
[LiveChessVersion "1.4.8"]

1. b3 e5 2. Bb2 Nc6 3. e3 Nf6 4. Bb5 Bd6 5. Nf3 e4 6. Bxc6 dxc6 7. Nd4 O-O 8. Ne2
Bg4 9. h3 Bh5 10. O-O Qe7 11. Qe1 Rad8 12. d3 exd3 13. cxd3 Bb4 14. Qd1 Nd5 15.
e4 Nf4 16. f3 Nxd3 17. Bd4 Ne5 18. Qc2 Rxd4 19. Nxd4 Bc5 20. Qb2 Rd8 21. Rd1 Qd6
22. Kh1 Bxd4 23. Rxd4 Qxd4 24. Qxd4 Rxd4 25. Nc3 f6 26. f4 Nd3 27. g4 Bf7 28. Kg2
Nxf4+ 29. Kg3 0-1

[Event "VENDRELL"]
[Site "?"]
[Date "2021.05.09"]
[Round "2.1"]
[White "Munoz, Miguel"]
[Black "Teply Koutsky, David"]
[Result "1-0"]
[BlackElo "1684"]
[WhiteElo "2542"]
[LiveChessVersion "1.4.8"]

1. e4 {[%clk 0:15:08]} e6 {[%clk 0:15:08]} 2. d4 {[%clk 0:15:10]} d5
{[%clk 0:15:12]} 3. Nd2 {[%clk 0:15:13]} c5 {[%clk 0:15:15]} 4. Ngf3
{[%clk 0:15:16]} Nc6 {[%clk 0:15:17]} 5. dxc5 {[%clk 0:15:17]} Bxc5
{[%clk 0:15:20]} 6. Bd3 {[%clk 0:15:17]} Nf6 {[%clk 0:15:06]} 7. Qe2
{[%clk 0:15:07]} O-O {[%clk 0:14:33]} 8. O-O {[%clk 0:15:07]} Re8
{[%clk 0:14:19]} 9. c4 {[%clk 0:15:08]} dxc4 {[%clk 0:13:01]} 10. Nxc4
{[%clk 0:15:10]} e5 11. h3 {[%clk 0:15:12]} Nd4 {[%clk 0:12:05]} 12. Nxd4
{[%clk 0:14:50]} Bxd4 13. Bg5 {[%clk 0:14:53]} h6 {[%clk 0:11:30]} 14. Bh4 a6
{[%clk 0:11:00]} 15. Rad1 {[%clk 0:14:54]} b5 {[%clk 0:10:55]} 16. Ne3
{[%clk 0:14:36]} Qb6 {[%clk 0:10:24]} 17. Bc2 {[%clk 0:14:24]} a5
{[%clk 0:08:11]} 18. Kh1 {[%clk 0:14:22]} Ba6 {[%clk 0:06:53]} 19. Nf5
{[%clk 0:13:20]} Bc5 {[%clk 0:05:43]} 20. Qf3 {[%clk 0:12:42]} Nh7
{[%clk 0:04:23]} 21. Bb3 {[%clk 0:12:19]} Qg6 22. Rd7 {[%clk 0:12:07]} Rf8
{[%clk 0:04:01]} 23. Be7 Ng5 24. Bxc5 {[%clk 0:11:39]} Nxf3 {[%clk 0:02:58]} 25.
Ne7+ {[%clk 0:11:42]} Kh7 {[%clk 0:02:58]} 26. Nxg6 {[%clk 0:11:45]} Rfc8
{[%clk 0:02:32]} 27. gxf3 {[%clk 0:11:37]} fxg6 {[%clk 0:01:25]} 28. Bd6 b4
{[%clk 0:00:48]} 29. Rg1 {[%clk 0:11:12]} Be2 {[%clk 0:00:49]} 30. Bxe5 Bxf3+
{[%clk 0:00:29]} 31. Kh2 {[%clk 0:11:02]} Be2 {[%clk 0:00:26]} 32. Rxg7+
{[%clk 0:11:03]} Kh8 {[%clk 0:00:29]} 33. Re7# {[%clk 0:11:02]} 1-0

[Event "VENDRELL"]
[Site "?"]
[Date "2021.05.09"]
[Round "2.2"]
[White "Romeu Viladot, Emili"]
[Black "Hernandez, Cristian Andres"]
[Result "0-1"]
[BlackElo "2353"]
[WhiteElo "1730"]
[LiveChessVersion "1.4.8"]

1. d4 {[%clk 0:15:07]} Nf6 {[%clk 0:15:06]} 2. c4 e6 {[%clk 0:15:07]} 3. Nc3
{[%clk 0:15:12]} Bb4 4. e3 {[%clk 0:15:18]} O-O {[%clk 0:15:05]} 5. Bd2 d5
{[%clk 0:14:32]} 6. Nf3 {[%clk 0:15:09]} b6 {[%clk 0:14:34]} 7. a3
{[%clk 0:14:25]} Bd6 {[%clk 0:13:45]} 8. Bd3 {[%clk 0:14:05]} Bb7
{[%clk 0:12:53]} 9. O-O {[%clk 0:14:01]} dxc4 {[%clk 0:12:48]} 10. Bxc4
{[%clk 0:13:43]} Nbd7 {[%clk 0:12:38]} 11. Qe2 {[%clk 0:13:34]} a6
{[%clk 0:12:03]} 12. Rac1 {[%clk 0:12:36]} e5 {[%clk 0:11:33]} 13. Rfd1
{[%clk 0:12:29]} e4 {[%clk 0:10:22]} 14. Ne1 {[%clk 0:12:15]} h5 {[%clk 0:09:42]}
15. g3 {[%clk 0:12:08]} b5 {[%clk 0:09:44]} 16. Ba2 {[%clk 0:11:58]} Nb6
{[%clk 0:09:26]} 17. Ng2 {[%clk 0:10:10]} Bc8 18. Be1 Bg4 {[%clk 0:09:25]} 19.
Qc2 {[%clk 0:10:14]} Bxd1 {[%clk 0:08:59]} 20. Rxd1 {[%clk 0:08:27]} Re8
{[%clk 0:08:37]} 21. Nh4 {[%clk 0:08:02]} Qd7 {[%clk 0:07:16]} 22. Ne2 Qh3 23.
Nf4 {[%clk 0:06:10]} Bxf4 {[%clk 0:07:19]} 24. exf4 Nbd5 25. Bxd5
{[%clk 0:05:11]} Nxd5 {[%clk 0:07:09]} 26. Qc6 {[%clk 0:04:48]} e3
{[%clk 0:06:47]} 27. Qxd5 e2 0-1

[Event "VENDRELL"]
[Site "?"]
[Date "2021.05.09"]
[Round "2.3"]
[White "Rojas Keim, Luis"]
[Black "Pujol Biosca, Joan"]
[Result "1-0"]
[BlackElo "1653"]
[WhiteElo "2349"]
[LiveChessVersion "1.4.8"]

1. e4 {[%clk 0:15:08]} c5 {[%clk 0:15:09]} 2. Nf3 {[%clk 0:15:12]} e6
{[%clk 0:15:11]} 3. c3 {[%clk 0:15:15]} d5 {[%clk 0:15:13]} 4. exd5
{[%clk 0:15:19]} Qxd5 {[%clk 0:15:16]} 5. d4 {[%clk 0:15:23]} Nf6
{[%clk 0:15:08]} 6. Bd3 {[%clk 0:15:26]} Be7 {[%clk 0:14:59]} 7. O-O
{[%clk 0:15:28]} cxd4 {[%clk 0:14:31]} 8. cxd4 {[%clk 0:15:31]} O-O
{[%clk 0:14:16]} 9. Nc3 {[%clk 0:15:34]} Qd8 10. Re1 {[%clk 0:15:30]} b6
{[%clk 0:13:49]} 11. a3 {[%clk 0:15:28]} Bb7 {[%clk 0:13:48]} 12. Bc2
{[%clk 0:15:24]} Re8 {[%clk 0:12:36]} 13. Qd3 {[%clk 0:14:54]} Nbd7
{[%clk 0:12:22]} 14. Bg5 h6 {[%clk 0:11:18]} 15. Bh4 {[%clk 0:14:51]} Rc8 16.
Rad1 {[%clk 0:14:41]} Nf8 {[%clk 0:08:30]} 17. Ne5 Nd5 18. Bg3 {[%clk 0:14:02]}
Nxc3 {[%clk 0:07:05]} 19. bxc3 {[%clk 0:14:04]} Qd5 {[%clk 0:07:04]} 20. f3
{[%clk 0:11:23]} Qa5 {[%clk 0:04:38]} 21. Re3 {[%clk 0:09:43]} Qxa3 22. h4 Ba6
{[%clk 0:04:02]} 23. Qd2 {[%clk 0:09:21]} Bc4 24. Ng4 Bd6 {[%clk 0:02:42]} 25.
Bxd6 {[%clk 0:07:00]} Qxd6 {[%clk 0:02:45]} 26. Re5 {[%clk 0:06:59]} a5
{[%clk 0:01:53]} 27. Nxh6+ 1-0

[Event "VENDRELL"]
[Site "?"]
[Date "2021.05.09"]
[Round "2.4"]
[White "Grau Ferrer, Carles"]
[Black "Basora Pascual, Lluc"]
[Result "0-1"]
[BlackElo "2162"]
[WhiteElo "1708"]
[LiveChessVersion "1.4.8"]

1. d4 {[%clk 0:15:07]} d5 {[%clk 0:15:07]} 2. Bf4 e6 {[%clk 0:14:57]} 3. e3
{[%clk 0:15:10]} c5 {[%clk 0:14:56]} 4. c3 {[%clk 0:15:13]} Nf6 {[%clk 0:14:39]}
5. Nd2 {[%clk 0:15:14]} Bd6 {[%clk 0:14:33]} 6. Bg3 Nc6 {[%clk 0:14:12]} 7. Ngf3
{[%clk 0:15:14]} Qe7 8. Ne5 {[%clk 0:14:59]} Bxe5 {[%clk 0:13:28]} 9. dxe5 Nd7
{[%clk 0:13:04]} 10. Nf3 {[%clk 0:14:55]} c4 {[%clk 0:12:44]} 11. Qa4
{[%clk 0:14:44]} O-O {[%clk 0:12:08]} 12. Be2 {[%clk 0:13:59]} a6 13. Rd1
{[%clk 0:13:53]} Kh8 {[%clk 0:11:07]} 14. Qc2 f5 15. Bf4 {[%clk 0:13:18]} Nc5
{[%clk 0:09:16]} 16. h4 {[%clk 0:12:59]} Bd7 {[%clk 0:09:02]} 17. Nd4
{[%clk 0:12:24]} Be8 {[%clk 0:08:27]} 18. f3 {[%clk 0:12:09]} Nd7
{[%clk 0:08:24]} 19. Nxc6 {[%clk 0:11:26]} bxc6 {[%clk 0:08:27]} 20. Qd2
{[%clk 0:11:16]} Nc5 {[%clk 0:07:56]} 21. h5 {[%clk 0:10:19]} Rb8
{[%clk 0:07:49]} 22. Qc2 {[%clk 0:09:59]} a5 23. Rd2 {[%clk 0:08:54]} Rb7
{[%clk 0:06:58]} 24. Qd1 {[%clk 0:08:27]} Bf7 25. Kf2 {[%clk 0:06:16]} Rfb8
{[%clk 0:05:48]} 26. Qa1 {[%clk 0:06:11]} a4 {[%clk 0:05:42]} 27. g3
{[%clk 0:05:58]} Rb6 {[%clk 0:05:38]} 28. e4 {[%clk 0:05:19]} fxe4
{[%clk 0:05:35]} 29. Be3 {[%clk 0:05:21]} Rb5 {[%clk 0:05:02]} 30. Bxc5
{[%clk 0:05:19]} Qxc5+ {[%clk 0:05:05]} 31. Rd4 Rxb2 {[%clk 0:03:59]} 32. fxe4
{[%clk 0:04:15]} Qa3 33. Rhd1 {[%clk 0:03:02]} Rxa2 {[%clk 0:03:18]} 34. Qc1
{[%clk 0:03:03]} Qxc1 {[%clk 0:03:20]} 35. Rxc1 {[%clk 0:03:07]} Rbb2
{[%clk 0:03:24]} 0-1

[Event "VENDRELL"]
[Site "?"]
[Date "2021.05.09"]
[Round "2.5"]
[White "Martorell Aubanell, Adria"]
[Black "Tallada Serret, Gerard"]
[Result "1-0"]
[BlackElo "1643"]
[WhiteElo "2119"]
[LiveChessVersion "1.4.8"]

1. Nf3 d5 2. d4 c6 3. Bf4 Nf6 4. e3 e6 5. Be2 Be7 6. O-O O-O 7. h3 b6 8. c4 Bb7
9. Nc3 Nbd7 10. Rc1 Rc8 11. a3 c5 12. Nb5 a6 13. Nd6 Bxd6 14. Bxd6 Re8 15. Bh2 h6
16. dxc5 bxc5 17. Qb3 Qb6 18. Qxb6 Nxb6 19. Ne5 Nfd7 20. Nxd7 Nxd7 21. Rfd1 f6
22. cxd5 exd5 23. Bg4 Red8 24. Be6+ Kh7 25. Bxd5 Bxd5 26. Rxd5 Nf8 27. Rdd1 Ne6
28. Kf1 Rxd1+ 29. Rxd1 Rd8 30. Rxd8 Nxd8 31. Ke2 Kg6 32. Kd3 Nb7 33. Kc4 Kf5 34.
Kd5 Na5 35. Kxc5 Nb3+ 36. Kb6 a5 37. Kb5 Ke4 38. Ka4 Nc5+ 39. Kxa5 Nd3 40. b4 Nb2
41. b5 Kd5 42. Ka6 Na4 43. e4+ Kc5 44. f3 h5 45. Bg1+ Kd6 46. b6 Nc3 47. b7 1-0

[Event "VENDRELL"]
[Site "?"]
[Date "2021.05.09"]
[Round "3.1"]
[White "Calle Ordonez, Albert"]
[Black "Munoz, Miguel"]
[Result "0-1"]
[BlackElo "2542"]
[WhiteElo "1900"]
[LiveChessVersion "1.4.8"]

1. e4 {[%clk 0:15:08]} d5 {[%clk 0:14:25]} 2. exd5 {[%clk 0:15:08]} Qxd5
{[%clk 0:14:28]} 3. Nf3 {[%clk 0:15:08]} Bg4 {[%clk 0:14:30]} 4. Be2
{[%clk 0:15:04]} Nc6 {[%clk 0:14:33]} 5. d4 {[%clk 0:15:05]} O-O-O
{[%clk 0:14:35]} 6. Be3 {[%clk 0:15:05]} e5 7. c4 {[%clk 0:14:43]} Qa5+
{[%clk 0:14:38]} 8. Bd2 Qa6 {[%clk 0:13:50]} 9. d5 {[%clk 0:14:31]} Bxf3
{[%clk 0:13:51]} 10. Bxf3 {[%clk 0:14:08]} Nd4 {[%clk 0:13:54]} 11. Be2 Nf6
{[%clk 0:13:09]} 12. Nc3 {[%clk 0:13:48]} c6 {[%clk 0:12:42]} 13. Rc1 Kb8
{[%clk 0:12:17]} 14. Be3 {[%clk 0:05:15]} Nxe2 {[%clk 0:12:17]} 15. Qxe2
{[%clk 0:04:39]} cxd5 16. cxd5 {[%clk 0:03:57]} Qxe2+ {[%clk 0:12:19]} 17. Kxe2
{[%clk 0:04:00]} Nxd5 {[%clk 0:12:22]} 18. Nxd5 {[%clk 0:03:43]} Rxd5 19. Rhd1
{[%clk 0:03:35]} Rxd1 {[%clk 0:12:27]} 20. Rxd1 {[%clk 0:03:37]} Kc7
{[%clk 0:12:01]} 21. f4 {[%clk 0:01:56]} Bd6 {[%clk 0:11:47]} 22. Rc1+
{[%clk 0:01:38]} Kb8 23. Rd1 Kc7 {[%clk 0:11:43]} 24. Rc1+ {[%clk 0:01:39]} Kd7
{[%clk 0:11:39]} 25. Rd1 {[%clk 0:01:07]} exf4 {[%clk 0:11:18]} 26. Bxa7 Ke6
{[%clk 0:11:21]} 27. Bd4 {[%clk 0:00:46]} f6 28. Kf3 {[%clk 0:00:32]} Ra8
{[%clk 0:11:18]} 29. a3 {[%clk 0:00:35]} Rc8 {[%clk 0:11:21]} 30. Bc3 Bxa3 0-1

[Event "VENDRELL"]
[Site "?"]
[Date "2021.05.09"]
[Round "3.2"]
[White "Hernandez, Cristian Andres"]
[Black "Pamies Martinez, Lluis"]
[Result "1-0"]
[BlackElo "1826"]
[WhiteElo "2353"]
[LiveChessVersion "1.4.8"]

1. d4 Nf6 {[%clk 0:15:03]} 2. Nf3 {[%clk 0:14:56]} d5 {[%clk 0:15:03]} 3. c4
{[%clk 0:14:59]} c6 {[%clk 0:15:04]} 4. Nc3 {[%clk 0:15:03]} e6 {[%clk 0:14:56]}
5. e3 {[%clk 0:14:56]} Be7 {[%clk 0:12:47]} 6. Qc2 {[%clk 0:14:51]} O-O
{[%clk 0:12:28]} 7. Bd3 {[%clk 0:14:50]} Nbd7 {[%clk 0:11:45]} 8. O-O
{[%clk 0:13:27]} a6 9. e4 {[%clk 0:13:31]} dxe4 {[%clk 0:11:41]} 10. Nxe4
{[%clk 0:13:34]} Nxe4 {[%clk 0:11:21]} 11. Bxe4 g6 12. Bh6 {[%clk 0:13:10]} Re8
{[%clk 0:09:42]} 13. Rad1 {[%clk 0:11:56]} Bf6 {[%clk 0:06:57]} 14. d5
{[%clk 0:11:56]} cxd5 {[%clk 0:06:57]} 15. cxd5 exd5 {[%clk 0:05:31]} 16. Bxd5
{[%clk 0:12:03]} Qb6 {[%clk 0:05:13]} 17. Rfe1 {[%clk 0:08:15]} Ne5
{[%clk 0:03:53]} 18. Nxe5 Rxe5 {[%clk 0:03:55]} 19. Rxe5 {[%clk 0:08:14]} Bxe5
{[%clk 0:03:07]} 20. Re1 {[%clk 0:06:43]} Qd6 21. Qc3 {[%clk 0:06:44]} Qxd5
{[%clk 0:01:22]} 22. Rxe5 1-0

[Event "VENDRELL"]
[Site "?"]
[Date "2021.05.09"]
[Round "3.3"]
[White "Rodriguez Blazquez, Marcelo"]
[Black "Rojas Keim, Luis"]
[Result "0-1"]
[BlackElo "2349"]
[WhiteElo "1795"]
[LiveChessVersion "1.4.8"]

1. d4 {[%clk 0:15:09]} Nf6 {[%clk 0:15:07]} 2. Nf3 {[%clk 0:15:12]} g6
{[%clk 0:15:01]} 3. g3 {[%clk 0:15:15]} Bg7 {[%clk 0:15:05]} 4. Bg2
{[%clk 0:15:19]} O-O 5. Nbd2 {[%clk 0:14:50]} c5 {[%clk 0:15:02]} 6. e3 cxd4
{[%clk 0:14:32]} 7. exd4 {[%clk 0:14:41]} Nc6 {[%clk 0:14:35]} 8. O-O
{[%clk 0:14:36]} d6 {[%clk 0:14:37]} 9. Nb3 {[%clk 0:13:51]} Bg4 {[%clk 0:14:14]}
10. h3 {[%clk 0:13:33]} Be6 {[%clk 0:14:07]} 11. Re1 {[%clk 0:12:53]} Qd7
{[%clk 0:14:05]} 12. Ng5 {[%clk 0:12:51]} Bd5 {[%clk 0:14:04]} 13. Bxd5
{[%clk 0:11:54]} Nxd5 {[%clk 0:14:07]} 14. c3 {[%clk 0:11:40]} h6 15. Ne4
{[%clk 0:10:58]} Qxh3 {[%clk 0:14:04]} 16. c4 {[%clk 0:09:28]} Nb6
{[%clk 0:13:46]} 17. c5 {[%clk 0:08:36]} dxc5 {[%clk 0:13:47]} 18. dxc5
{[%clk 0:08:39]} Rad8 {[%clk 0:13:46]} 19. Qe2 {[%clk 0:07:36]} Nd5
{[%clk 0:13:36]} 20. Bd2 {[%clk 0:06:43]} Ne5 {[%clk 0:12:59]} 21. f4
{[%clk 0:05:15]} Nc6 {[%clk 0:11:37]} 22. Qf2 {[%clk 0:04:23]} Bxb2
{[%clk 0:11:25]} 23. Rab1 {[%clk 0:04:14]} Bg7 24. Re2 {[%clk 0:02:40]} f5
{[%clk 0:11:09]} 0-1

[Event "VENDRELL"]
[Site "?"]
[Date "2021.05.09"]
[Round "3.4"]
[White "Basora Pascual, Lluc"]
[Black "Girona Rovira, Albert"]
[Result "1-0"]
[BlackElo "1793"]
[WhiteElo "2162"]
[LiveChessVersion "1.4.8"]

1. e4 {[%clk 0:15:08]} c5 {[%clk 0:15:07]} 2. Nf3 {[%clk 0:15:12]} e6
{[%clk 0:15:08]} 3. c4 {[%clk 0:15:15]} Nc6 {[%clk 0:15:10]} 4. Nc3
{[%clk 0:15:19]} d6 {[%clk 0:15:12]} 5. Be2 {[%clk 0:15:20]} Nf6 {[%clk 0:15:15]}
6. d4 {[%clk 0:15:21]} cxd4 {[%clk 0:15:17]} 7. Nxd4 {[%clk 0:15:26]} e5
{[%clk 0:14:25]} 8. Nc2 {[%clk 0:15:01]} Be7 {[%clk 0:14:20]} 9. O-O
{[%clk 0:14:51]} O-O {[%clk 0:11:23]} 10. Bg5 Ne8 {[%clk 0:11:14]} 11. Bxe7
{[%clk 0:13:51]} Nxe7 {[%clk 0:10:17]} 12. Bf3 {[%clk 0:12:11]} Be6 13. Qd3
{[%clk 0:11:55]} a6 {[%clk 0:07:59]} 14. Rfd1 {[%clk 0:10:25]} Rc8
{[%clk 0:05:35]} 15. Ne3 {[%clk 0:09:42]} f6 {[%clk 0:03:58]} 16. Rac1
{[%clk 0:08:24]} Qd7 {[%clk 0:03:20]} 17. b3 {[%clk 0:07:02]} f5 {[%clk 0:02:51]}
18. Ncd5 {[%clk 0:07:02]} Bxd5 19. Nxd5 Nxd5 {[%clk 0:00:24]} 20. Qxd5+
{[%clk 0:07:05]} Qf7 {[%clk 0:00:08]} 21. exf5 Kh8 {[%clk 0:00:00]} 1-0

[Event "VENDRELL"]
[Site "?"]
[Date "2021.05.09"]
[Round "3.5"]
[White "Cabanillas Roca, Christian"]
[Black "Martorell Aubanell, Adria"]
[Result "0-1"]
[BlackElo "2119"]
[WhiteElo "1772"]
[LiveChessVersion "1.4.8"]

1. e4 e6 2. d4 d5 3. Nd2 Nf6 4. Bd3 dxe4 5. Nxe4 Be7 6. Nf3 O-O 7. O-O Nbd7 8.
Qe2 b6 9. Nxf6+ Nxf6 10. Ne5 Bb7 11. c3 c5 12. dxc5 Bxc5 13. Rd1 Qe7 14. Bg5 Rad8
15. Ng4 Rd5 16. Bxf6 gxf6 17. Nh6+ Kh8 18. Be4 Rg5 19. Bxb7 Qxb7 20. g3 Rg6 21.
Ng4 Rfg8 22. Ne3 Qe4 23. Rd3 f5 24. b4 Bf8 25. Rd4 Qe5 26. Qf3 Bh6 27. Rad1 f4
28. Nc4 Qg5 29. Nd6 Qe7 30. Qb7 Qxb7 31. Nxb7 fxg3 32. hxg3 Bg7 33. Rc4 Be5 34.
Nd6 Kg7 35. Rc7 Rf6 36. Rc6 h5 37. f4 Bxd6 38. Rdxd6 h4 39. gxh4 Rxf4 40. Rd4
Kf6+ 41. Kh2 Rxd4 42. cxd4 Rg4 43. Rc7 Rxh4+ 44. Kg3 Rxd4 45. Rxa7 Rxb4 46. Kf3
Rb5 47. a4 Ra5 48. Rb7 Rxa4 49. Rxb6 Kf5 50. Rb7 Ra3+ 51. Ke2 f6 52. Rb4 e5 53.
Kf2 Kg5 54. Re4 Rd3 55. Ke2 Rd4 56. Re3 Kf5 57. Rg3 Ke4 58. Rg4+ Kd5 59. Rg8 f5
60. Ke3 f4+ 61. Kf3 Rd3+ 62. Ke2 Ra3 63. Rd8+ Ke4 64. Rb8 Ra2+ 0-1